El agente secreto / (Record no. 34997)
[ view plain ]
| 000 -CABECERA | |
|---|---|
| campo de control de longitud fija | 00681nam a2200241 a 4500 |
| 001 - NÚMERO DE CONTROL | |
| campo de control | 000035506 |
| 003 - IDENTIFICADOR DEL NÚMERO DE CONTROL | |
| campo de control | OSt |
| 005 - FECHA Y HORA DE LA ÚLTIMA TRANSACCIÓN | |
| campo de control | 20200930074407.0 |
| 008 - DATOS DE LONGITUD FIJA--INFORMACIÓN GENERAL | |
| campo de control de longitud fija | 111102s1980 sp 000 0 spa d |
| 020 ## - NÚMERO INTERNACIONAL ESTÁNDAR DEL LIBRO | |
| Número Internacional Estándar del Libro | 8447312178 |
| 040 ## - FUENTE DE LA CATALOGACIÓN | |
| Centro catalogador/agencia de origen | DO-SdBNP |
| Lengua de catalogación | spa |
| Centro/agencia transcriptor | BNPHU |
| 100 1# - ENTRADA PRINCIPAL--NOMBRE DE PERSONA | |
| Nombre de persona | Conrad, Joseph |
| 9 (RLIN) | 3046 |
| 240 10 - TÍTULO UNIFORME | |
| Título uniforme | The secret agent |
| Lenguaje de la obra | Español |
| 245 13 - MENCIÓN DE TÍTULO | |
| Título | El agente secreto / |
| Mención de responsabilidad, etc. | Joseph Conrad. |
| 260 ## - PUBLICACIÓN, DISTRIBUCIÓN, ETC. | |
| Lugar de publicación, distribución, etc. | Barcelona : |
| Nombre del editor, distribuidor, etc. | RBA Proyectos Editoriales, |
| Fecha de publicación, distribución, etc. | 1980. |
| 300 ## - DESCRIPCIÓN FÍSICA | |
| Extensión | 272 p. ; |
| Dimensiones | 22 cm. |
| 490 1# - MENCIÓN DE SERIE | |
| Mención de serie | Libros de película. |
| 500 ## - NOTA GENERAL | |
| Nota general | Traducido del inglés |
| 700 1# - PUNTO DE ACCESO ADICIONAL--NOMBRE DE PERSONA | |
| Nombre de persona | Edwards, Jorge, |
| Término indicativo de función/relación | tr. |
| 9 (RLIN) | 14158 |
| 830 ## - PUNTO DE ACCESO ADICIONAL DE SERIE-TÍTULO UNIFORME | |
| Título uniforme | Libros de película. |
| 9 (RLIN) | 76699 |
| 942 ## - ELEMENTOS DE PUNTO DE ACCESO ADICIONAL (KOHA) | |
| Fuente del sistema de clasificación o colocación | Dewey Decimal Classification |
| Tipo de ítem Koha | Libros y folletos |
| 956 ## - LOCALIZACIÓN Y ACCESO ELECTRÓNICOS LOCAL (OCLC) | |
| Nombre del host | LOPEREZ |
| Estado de retiro | Estado de pérdida | Fuente del sistema de clasificación o colocación | Restricciones de uso | No para préstamo | Código de colección | Localización permanente | Ubicación/localización actual | Ubicación en estantería | Fecha de adquisición | Fuente de adquisición | Número de inventario | Total de préstamos | Signatura topográfica completa | Código de barras | Fecha visto por última vez | Precio válido a partir de | Tipo de ítem Koha |
|---|---|---|---|---|---|---|---|---|---|---|---|---|---|---|---|---|---|
| Dewey Decimal Classification | Monografías: Libros y Folletos | General | General | Orden iniciada | 02.11.2011 | Vladimir Polanco | LF1 | 35506-10 | 25.06.2020 | 25.06.2020 | No se presta |
